9 x 9 Minesweeper with 10 Mines - Sudden Death #2 - Statistics

General Stats
  • This quiz has been taken 826 times
  • The average score is 37 of 80
Answer Stats
Answer % Correct
1
75%
1
75%
0
75%
0
68%
1
67%
0
64%
0
63%
2
62%
1
61%
1
60%
1
60%
0
60%
1
56%
1
55%
1
55%
2
55%
1
54%
2
53%
0
53%
53%
1
51%
2
49%
2
49%
2
48%
2
47%
1
45%
1
45%
45%
45%
1
44%
0
44%
1
43%
1
43%
1
43%
1
43%
1
43%
2
43%
2
43%
0
43%
0
43%
0
43%
0
43%
1
42%
1
42%
1
42%
0
42%
0
42%
0
42%
0
42%
0
42%
0
42%
1
41%
1
41%
1
41%
0
41%
0
41%
0
41%
41%
1
40%
1
40%
1
40%
2
40%
0
40%
0
40%
40%
2
39%
2
39%
2
39%
0
39%
1
38%
1
38%
38%
1
36%
2
36%
2
36%
1
35%
35%
34%
33%
31%
No matching quizzes found
Score Distribution
Percent of People with Each Score
Percentile by Number Answered
Your Score History
You have not taken this quiz